000 00470nam a2200157Ia 4500
005 20250508160345.0
008 008 250505s9999 xx 000 0 eng d
037 _aBooks to be hide in OPAC
040 _aFEDL
_beng
_cFEDL
041 _aeng
_2eng
084 _a370.954, MAN/O
_qFEDL
245 0 _aStudies in the cultural history of education in Kerala and Tamil Nadu
300 _aiii,72p.
942 _cHB
_h370.954, MAN/O
999 _c1363977
_d1363977